00549nam a2200157 a 4500001001000000003000900010005001700019007000300036008004100039040002500080082001400105245017300119260003500292300002700327700003700354000039040DO-SdBNP20240302073954.0ta100329s2017 dr 000 0 spa d aDO-SdBNPbspacBNPHU axxxbD53603aDiagnóstico del marco jurídico y normativo vinculado con el empleo juvenil en la República Dominicana :bProyecto nuevos empleos y oportunidades para jóvenes... aSanto Domingo :bFINJUS,c2017 a47 p. :c29 cm.bil. ;1 aRosario Candelier, Bruno,d1941-